000 00795nam a2200253 i 4500
003 DO-SdBNP
005 20250607073644.0
007 ta
008 250311s1997 enko 000 0 spa d
020 _a9280114204
040 _aDO-SdBNP
_bspa
_cBNPHU
_erda
082 _axxxx
_bxxx
_222
110 1 _aRepública Dominicana.
_b Secretaria de Estado de Salud Pública y Asistencia Social (2001)
_956549
245 1 0 _aField guide for oil spill response in tropical waters /
260 _aLondon, Inglaterra :
_bIMO,
_c1997.
300 _a54 p. ;
_c24 cm.
336 _atexto
_btxt
_2rdacontent
337 _asin mediación
_bn
_2rdamedia
338 _avolumen
_bnc
_2rdacarrier
504 _aBibliografía p: 53-54.
590 _aInventariado, 2025/ YL
910 _aYLockward
942 _2ddc
_cLBS1
999 _c58379
_d58379